Switzerland Football Team World Cup Starting XI - Statistics

General Stats
  • This quiz has been taken 858 times
    652 since last reset
  • The average score is 19 of 87
Answer Stats
Player % Correct
Yann Sommer
97%
Granit Xhaka
93%
Xherdan Shaqiri
93%
Breel Embolo
84%
Ricardo Rodríguez
78%
Manuel Akanji
76%
Haris Seferović
67%
Fabian Schär
63%
Stephan Lichtsteiner
63%
Diego Benaglio
56%
Alexander Frei
52%
Remo Freuler
50%
Ruben Vargas
45%
Valon Behrami
44%
Blerim Džemaili
43%
Gökhan Inler
43%
Steven Zuber
43%
Johan Djourou
41%
Silvan Widmer
39%
Philippe Senderos
37%
Gelson Fernandes
36%
Djibril Sow
34%
Admir Mehmedi
32%
Tranquillo Barnetta
30%
Hakan Yakin
29%
Pascal Zuberbühler
29%
Stéphane Chapuisat
29%
Eren Derdiyok
28%
Patrick Müller
27%
Josip Drmić
25%
Alain Sutter
18%
Johann Vogel
18%
Steve von Bergen
18%
Ciriaco Sforza
17%
Reto Ziegler
15%
Ricardo Cabanas
15%
Blaise Nkufo
14%
Ludovic Magnin
14%
Benjamin Huggel
13%
Josef Hügi
13%
Philipp Degen
13%
Roger Vonlanthen
13%
Stéphane Grichting
12%
Alain Geiger
11%
Marco Pascolo
11%
Raphaël Wicky
11%
Adrian Knup
10%
Georges Bregy
9%
Marc Hottiger
8%
Köbi Kuhn
7%
Christophe Ohrel
6%
Dominique Herr
6%
René-Pierre Quentin
6%
Yvan Quentin
6%
Alfred Bickel
5%
Charles Antenen
5%
Fritz Künzli
5%
Jacques Fatton
5%
Jacques Fatton
5%
André Neury
4%
Eugène Parlier
4%
Heinz Schneiter
4%
Karl Elsener
4%
Kurt Armbruster
4%
Norbert Eschmann
4%
René Bader
4%
Robert Ballaman
4%
Roger Bocquet
4%
André Grobéty
3%
Anton Allemann
3%
Ely Tacchella
3%
Heinz Bäni
3%
Oliver Eggimann
3%
Vittore Gottardi
3%
Charles Casali
2%
Georges Stuber
2%
Gerhard Lusenti
2%
Hansruedi Führer
2%
Hans Weber
2%
Jean Tamini
2%
René Brodmann
2%
Richard Dürr
2%
Robert Hosp
2%
Roger Quinche
2%
Rolf Wüthrich
2%
Willy Kernen
2%
Xavier Stierli
2%
No matching quizzes found
Score Distribution
Percent of People with Each Score
Percentile by Number Answered
Your Score History
You have not taken this quiz since the last reset